000 00840nam a2200241Ia 4500
003 OSt
005 20221005112523.0
006 a|||||r|||| 00| 0
007 ta
008 221004b |||||||| |||| 00| 0 pan d
020 _a9789350170502 (hbk)
_c250
024 _a106243
037 _b7830/V, 31/01/2011, Arsee Publishers
_cTextual
040 _aCRL
_cCRL
_bpan
041 _2pan
_apan
082 _aO153,1:g, Q0
100 _aਯਾਦਵ, ਕੇ. ਐਮ.
245 0 _aਸਮਕਾਲੀ ਯਥਾਰਬ ਅਤ। ਆਧੁਨਿਕ ਪੰਜਾਬਪ ਕਵਿਤਾ
260 _aਚੰਡੀਗੜ
_bਲੋਕਗੀਤ ਭਾਰਤ
_c2010
300 _a255ਪੰ
_ccm.
942 _hO153,1:g, Q0
_cTEXL
_2cc
999 _c1025140
_d1025140